Ethnic Groups in the United Kingdom - Statistics

General Stats
  • This quiz has been taken 578 times
  • The average score is 56 of 133
Answer Stats
Population Answer % Correct
15.8 million Irish
97%
37.6 million English
95%
5.3 million Scot
93%
3.6 million Welsh
91%
130,000 French
88%
1 million Pole
86%
300,000 German
85%
430,000 Han Chinese
82%
81,500 Spaniard
82%
66,000 Russian
80%
180,000 Italian
79%
370,000 Arab
77%
79,000 Balkan Romani
76%
70,000 Kale
76%
120,000 Romanichal
76%
500,000 Turk
76%
68,000 Vlax Romani
76%
30,000 Japanese
75%
100,000 Swede
75%
345,000 Greek
74%
63,000 Dutch
73%
140,000 Portuguese
73%
13,800 Norwegian
71%
450,000 Bengali
70%
23,400 Ukrainian
70%
15,000 Finn
69%
70,000 Serb
69%
18,500 Dane
68%
7,000 Croat
67%
12,000 Korean
67%
410,000 Romanian
66%
100,000 Bulgarian
64%
45,800 Hindustani
63%
91,700 Lithuanian
62%
700,000 Punjabi
62%
85,000 Slovak
62%
55,000 Vietnamese
62%
45,000 Czech
61%
120,000 Latvian
61%
95,000 Magyar
61%
47,000 Persian
61%
45,000 Thai
61%
35,000 Malay
60%
1,200 Slovene
60%
15,000 Estonian
59%
120,000 Tamil
59%
30,000 Albanian
58%
11,000 Mexican
57%
260,000 Ashkenazim
56%
7,000 Mizrahim
56%
8,000 Sephardim
56%
60,000 Tagalog
56%
10,000 Teimanim
56%
120,000 Brazilians
55%
7,000 Belarusian
53%
18,000 Armenian
51%
11,000 Khmer
51%
9,800 Bamar
48%
15,000 Georgian
48%
84,000 Cornish
47%
52,800 Nepali
47%
100,000 Pashtun
47%
250,000 Somali
47%
6,200 Azeri
46%
340,000 Jamaican
46%
1,600 Icelander
45%
8,000 Igbo
43%
3,300 Mongol
43%
49,900 Kurd
42%
9,000 Macedonian
42%
600,000 Gujarati
41%
500,000 Muhajir
41%
12,300 Colombian
40%
2,400 Cuban
40%
100,000 Yoruba
38%
90,000 Manx
37%
3,200 Imazighen
36%
3,400 Kabyle
36%
40,200 Maltese
36%
40,000 Afrikaner
33%
12,900 Haitian
33%
6,400 Marathi
33%
1,300 Dominican
31%
6,400 Dominiquais
31%
14,700 Telugu
31%
15,000 Venezuelan
31%
18,000 Fleming
30%
100,000 Sinhalese
30%
8,600 Amhara
28%
41,000 Tajik
27%
25,000 Trinidadian
27%
16,000 Irish Traveller
23%
30,000 Sindhi
22%
2,000 Baloch
21%
120,000 Kashmiri
20%
20,000 Scottish Traveller
20%
21,600 Bajan
19%
80,000 Norman
18%
8,000 Assyrian
17%
1,000 Chechen
16%
24,000 Guyanese
16%
1,800 Bahamian
15%
350,000 Ulster Scot
15%
9,000 Saint Lucian
14%
4,000 Antiguan
13%
12,400 Tigrayan
13%
27,000 Akan
12%
30,000 Grenadian
12%
19,000 Bavarian
11%
6,000 Belizean
10%
10,800 Galician
10%
3,500 Ganda
10%
48,000 Mauritian
9%
21,400 Shona
9%
23,000 Shetlander
8%
21,400 Orcadian
7%
12,000 Hazara
6%
36,500 Llanito
5%
2,700 Seychellois
5%
61,000 Bermudian
4%
15,000 Tigre
4%
7,400 Vincentian
4%
5,600 Kittian
3%
4,400 Parsee
3%
400,000 Saraiki
3%
120,000 Sylheti
3%
2,000 Cabo Verdean
2%
2,100 Canarian
2%
3,000 Chagossian
2%
19,000 Krio
2%
1,100 Mandaean
1%
21,900 Pahari
1%
12,000 Montserratian
0%
No matching quizzes found
Score Distribution
Percent of People with Each Score
Percentile by Number Answered
Your Score History
You have not taken this quiz